Catálogo

La gula, la gala y la golosina : (Registro nro. 21281)

Detalles MARC
000 -LEADER
fixed length control field 01433cam a2200349 i 4500
001 - CONTROL NUMBER
control field 21281
003 - CONTROL NUMBER IDENTIFIER
control field Mx-PuUPA
005 - DATE AND TIME OF LATEST TRANSACTION
control field 20250912125121.0
008 - FIXED-LENGTH DATA ELEMENTS--GENERAL INFORMATION
fixed length control field 140415s2016 mx a gr 001 0 spa d
040 ## - CATALOGING SOURCE
Transcribing agency Mx-PuUPA
Original cataloging agency Mx-PuUPA
Language of cataloging spa
Modifying agency Mx-PuUPA
Description conventions rda
041 0# - LANGUAGE CODE
Language code of text/sound track or separate title spa
043 ## - GEOGRAPHIC AREA CODE
Source of local code mx-mxbn
Local GAC code n-mx-pu
100 1# - MAIN ENTRY--PERSONAL NAME
Personal name Martínez y Torres, Lilia,
9 (RLIN) 1260
Relator term autor
245 10 - TITLE STATEMENT
Title La gula, la gala y la golosina :
Remainder of title comer a la poblana /
Statement of responsibility, etc. Lilia Martínez y Torres ; Favián Valdivia Pérez, presentación ; María de la Cruz Ríos Yañez, prólogo
250 ## - EDITION STATEMENT
Edition statement Primera edición
264 #1 - PRODUCTION, PUBLICATION, DISTRIBUTION, MANUFACTURE, AND COPYRIGHT NOTICE
Place of production, publication, distribution, manufacture [México?] :
Name of producer, publisher, distributor, manufacturer Fototeca Lorenzo Becerril, A.C. :
Date of production, publication, distribution, manufacture, or copyright notice 2016
300 ## - PHYSICAL DESCRIPTION
Extent 111 páginas :
Other physical details ilustraciones (principalmente a color) ;
Dimensions 29 cm
336 ## - CONTENT TYPE
Fuente rdacontent
Content type term texto
Content type code txt
337 ## - MEDIA TYPE
Source rdamedia
Media type term sin medio
Media type code n
338 ## - CARRIER TYPE
Source rdacarrier
Carrier type term volumen
Carrier type code nc
650 #7 - SUBJECT ADDED ENTRY--TOPICAL TERM
Source of heading or term armarc
Topical term or geographic name entry element Gastronomía
Geographic subdivision Puebla
General subdivision Historia
650 #7 - SUBJECT ADDED ENTRY--TOPICAL TERM
Source of heading or term armarc
Topical term or geographic name entry element Cocina
Geographic subdivision Puebla
-- México
General subdivision Historia
650 #7 - SUBJECT ADDED ENTRY--TOPICAL TERM
Source of heading or term armarc
Topical term or geographic name entry element Aptitud creadora en la cocina
650 #7 - SUBJECT ADDED ENTRY--TOPICAL TERM
Source of heading or term armarc
Topical term or geographic name entry element Decoración de la mesa
650 #7 - SUBJECT ADDED ENTRY--TOPICAL TERM
Source of heading or term armarc
Topical term or geographic name entry element Etiqueta en la mesa
700 1# - ADDED ENTRY--PERSONAL NAME
Personal name Valdivia Pérez, Favián,
Relator term autor de presentación
700 1# - ADDED ENTRY--PERSONAL NAME
Personal name Ríos Yañez, María de la Cruz,
Relator term autor de prólogo
942 ## - ADDED ENTRY ELEMENTS (KOHA)
Source of classification or shelving scheme Dewey Decimal Classification
Koha item type Libro
Classification part 641.013097248
Item part M28
Existencias
Withdrawn status Lost status Source of classification or shelving scheme Damaged status Not for loan Collection code Home library Current library Shelving location Date acquired Source of acquisition Cost, normal purchase price Total Checkouts Full call number Barcode Date last seen Cost, replacement price Price effective from Koha item type
    Dewey Decimal Classification   Consulta en sala Puebla Biblioteca Karol Wojtyla Biblioteca Karol Wojtyla Área de silencio 03/12/2013 Donación 0.00   641.013097248 M28 2016 46936 05/01/2026 0.00 03/12/2013 Libro